Habitar los márgenes urbanos : la ciudad de San José en "Los Peor" y en "Abrázame como antes"
Gorde:
| Egile nagusia: | |
|---|---|
| Beste egile batzuk: | |
| Formatua: | Liburua |
| Hizkuntza: | Spanish |
| Argitaratua: |
[San José, Costa Rica]
2023
|
| Gaiak: | |
| Etiketak: |
Etiketa erantsi
Etiketarik gabe, Izan zaitez lehena erregistro honi etiketa jartzen!
|
MARC
| LEADER | 00000nam a2200000Ia 4500 | ||
|---|---|---|---|
| 003 | 013847 | ||
| 005 | 20240404103609.0 | ||
| 008 | 140114s2023 cr a 000 ||spa d | ||
| 040 | |c cru CEDI | ||
| 100 | |a Rivera Castro, Ignacio, 1996- |9 2881 | ||
| 245 | |a Habitar los márgenes urbanos : la ciudad de San José en "Los Peor" y en "Abrázame como antes" | ||
| 260 | |a [San José, Costa Rica] |c 2023 | ||
| 500 | |a Tesis (licenciatura en arquitectura)--Universidad de Costa Rica. Facultad de Ingeniería. Escuela de Arquitectura | ||
| 501 | |a Director de Tesis de Graduación: M.Sc. Luis A Duran Segura | ||
| 650 | |x ESPACIO URBANO |x ARQUITECTURA - ASPECTOS SOCIALES |x ARQUITECTURA COSTARRICENSE | ||
| 700 | |a Durán Segura, Luis Armando, 1987- |d Director del TFG |9 395 | ||
| 942 | |c TFG |h TFG 8988 |i 013847 |6 TFG_8988_013847000000000 | ||
| 999 | |c 13075 |d 13075 | ||
